000 00549nam a2200145 a 4500
001 000029867
005 20260304085435.0
008 110426s1993 dr 000 0 spa d
040 _aDO-SdBNP
_bspa
_cBNPHU
100 1 _aPeña Gomez, Jose Francisco ,
_d1937-1998
_92994
245 1 3 _aEl gobierno compartido y las reformas económicas :
_bdiscurso pronunciado en ante la Asociación Nacional de Jovenes Empresarios /
_cJosé Francisco Peña Gomez.
260 _aSanto Domingo :
_bEditorial Tribuna,
_c1993.
300 _a23 p. ;
_c28 cm.
049 _aBNPD
999 _c29359
_d29359